| 000 | 00516nam a22001577a 4500 | ||
|---|---|---|---|
| 003 | macl | ||
| 005 | 20210908114526.0 | ||
| 008 | 210908b |||||||| |||| 00| 0 eng d | ||
| 040 | _cmacl | ||
| 082 | _a100 | ||
| 100 |
_aआजाद ,डॉ. सत्यदेव _981007 |
||
| 245 | _aचिंतन के अद्रभुत क्षण | ||
| 260 |
_aदिल्ली _bआर्यन प्रकाशन , _c2005 |
||
| 650 |
_aदर्शनशास्त्र _947739 |
||
| 942 |
_2ddc _cHIN |
||
| 999 |
_c64218 _d64218 |
||